| 000 | 00000nam##2200000za#4500 |
| 001 | 9.573371 |
| 003 | CaOODSP |
| 005 | 20250129103332 |
| 007 | cr ||||||||||| |
| 008 | 150406|2008||||xxc|||||o f|0| 0 eng|d |
| 040 | |aCaOODSP|beng |
| 043 | |an-cn--- |
| 086 | 1 |aEn57-41/14-2008E-PDF |
| 110 | 2 |aMeteorological Service of Canada. |
| 245 | 10|aClimate change adaptation literature / |h[electronic resource]|cby James I. MacLellan. |
| 260 | |aToronto - Ontario : |bEnvironment Canada. |c2008. |
| 300 | |a40p.|bgraphs, references, tables |
| 490 | 1 |aOccasional paper|v14 |
| 590 | |a12-12-Supp|b2012-03-28 |
| 720 | 1 |aMacLellan, James I. |
| 775 | 08|tLittérature sur l'adaptation aux changements climatiques / |w(CaOODSP)9.606720 |
| 830 | #0|aOccasional paper (Canada. Industry Canada)|v14|w(CaOODSP)9.506650 |
| 856 | 40|ahttp://publications.gc.ca|qPDF|s615 KB|uhttps://publications.gc.ca/collections/collection_2012/ec/En57-41-14-2008-eng.pdf|y14 |